[Event "NED-ch U16"]
[Site "Almelo"]
[Date "2023.05.03"]
[Round "4"]
[White "Veraart, Jan"]
[Black "Guillaumond, Matthieu"]
[Result "0-1"]
[WhiteElo "1560"]
[BlackElo "2010"]
[PlyCount "84"]
[EventDate "2023.04.30"]
[EventType "swiss"]
[EventRounds "7"]
[EventCountry "NED"]
[SourceTitle "CBM 214 Extra"]
[Source "ChessBase"]
[SourceDate "2023.07.31"]
[SourceVersion "1"]
[SourceVersionDate "2023.07.31"]
[SourceQuality "1"]

1. e4 c5 2. Nc3 e6 3. Nf3 Nc6 4. Bb5 a6 5. Bxc6 bxc6 6. e5 Ne7 7. Ne4 Nd5 8. c4 Nf4 9. d4 Ng6 10. dxc5 Bxc5 11. 0-0 Be7 12. b3 0-0 13. Bb2 f5 14. exf6 gxf6 15. c5 Kf7 16. Nfd2 f5 17. Nd6+ Bxd6 18. cxd6 Qh4 19. Nf3 Qh6 20. Ne5+ Nxe5 21. Bxe5 Rg8 22. Qf3 Bb7 23. Rac1 Rab8 24. Rc5 Ba8 25. a4 Qg6 26. Bg3 h5 27. h4 Rb4 28. Re1 Rg4 29. Ree5 Rd4 30. Re1 Rd5 31. Rec1 Rd4 32. Re1 Qg4 33. Qxg4 Rdxg4 34. Kh2 f4 35. Bxf4 Rxf4 36. Rxh5 Rxf2 37. Rg1 c5 38. Rh7+ Ke8 39. h5 Bxg2 40. Re7+ Kd8 41. Rc1 Be4+ 42. Kh3 Bf5+ 0-1

[Event "NED-ch U16"]
[Site "Almelo"]
[Date "2023.04.30"]
[Round "1"]
[White "Veraart, Jan"]
[Black "Van Foreest, Nanne"]
[Result "0-1"]
[WhiteElo "1560"]
[BlackElo "1893"]
[PlyCount "66"]
[EventDate "2023.04.30"]
[EventType "swiss"]
[EventRounds "7"]
[EventCountry "NED"]
[SourceTitle "CBM 214 Extra"]
[Source "ChessBase"]
[SourceDate "2023.07.31"]
[SourceVersion "1"]
[SourceVersionDate "2023.07.31"]
[SourceQuality "1"]

1. e4 c5 2. Nc3 Nc6 3. Bb5 Nd4 4. Nf3 a6 5. Bd3 g6 6. 0-0 Bg7 7. Re1 e6 8. Rb1 Nc6 9. Nd5 d6 10. Ne3 g5 11. h3 h5 12. Nh2 Ne5 13. Be2 Nf6 14. Nef1 Ng6 15. d3 Nf4 16. Bxf4 gxf4 17. e5 dxe5 18. Bf3 Nd5 19. Nd2 Bd7 20. Ne4 Rc8 21. Bxh5 Bc6 22. Nxc5 Kf8 23. Qe2 Nf6 24. Bg4 Bd5 25. Nb3 Nxg4 26. Nxg4 f3 27. Qe3 fxg2 28. c4 Bc6 29. Nd2 Qh4 30. Ne4 f5 31. Ng5 fxg4 32. Nxe6+ Kg8 33. Nxg7 gxh3 0-1